Practical Social Research : (Record no. 3089)

MARC details
000 -LEADER
fixed length control field 00580nam a2200205 4500
003 - CONTROL NUMBER IDENTIFIER
control field OSt
005 - DATE AND TIME OF LATEST TRANSACTION
control field 20231214061736.0
008 - FIXED-LENGTH DATA ELEMENTS--GENERAL INFORMATION
fixed length control field 160226b xxu||||| |||| 00| 0 eng d
020 ## - INTERNATIONAL STANDARD BOOK NUMBER
International Standard Book Number 0333606744
040 ## - CATALOGING SOURCE
Transcribing agency 040a
082 ## - DEWEY DECIMAL CLASSIFICATION NUMBER
Classification number 301 HAL 1996
100 ## - MAIN ENTRY--PERSONAL NAME
Personal name Hall, David; Hill, Irene
9 (RLIN) 6850
245 ## - TITLE STATEMENT
Title Practical Social Research :
Remainder of title project work in community
260 ## - PUBLICATION, DISTRIBUTION, ETC. (IMPRINT)
Place of publication, distribution, etc. Hampshire;
Name of publisher, distributor, etc. Macmillan press,
Date of publication, distribution, etc. 1996
300 ## - PHYSICAL DESCRIPTION
Extent xvi, 305p ;
Other physical details ill :
Dimensions 10 cm.
504 ## - BIBLIOGRAPHY, ETC. NOTE
Bibliography, etc Includes index
650 ## - SUBJECT ADDED ENTRY--TOPICAL TERM
Topical term or geographic name as entry element Research methods
9 (RLIN) 2296
650 ## - SUBJECT ADDED ENTRY--TOPICAL TERM
Topical term or geographic name as entry element Community research
9 (RLIN) 16862
942 ## - ADDED ENTRY ELEMENTS (KOHA)
Source of classification or shelving scheme Dewey Decimal Classification
Koha item type Short Loan
Holdings
Withdrawn status Lost status Source of classification or shelving scheme Damaged status Not for loan Home library Current library Date acquired Source of acquisition Inventory number Total Checkouts Full call number Barcode Date last seen Koha item type
    Dewey Decimal Classification     MUST Main Library MUST Main Library 26/02/2016 Purchase 01/16160   301 HAL 1996 2016-0236 26/02/2016 Short Loan
    Dewey Decimal Classification     MUST Main Library MUST Main Library 26/02/2016 Purchase 01/16590   301 HAL 1996 2016-0237 26/02/2016 Short Loan
    Dewey Decimal Classification     MUST Main Library MUST Main Library 26/02/2016 Purchase 01/16591   301 HAL 1996 2016-0238 26/02/2016 Short Loan